| 000 | 00883nam a2200217 a 4500 | ||
|---|---|---|---|
| 001 | 2016899 | ||
| 003 | AM-YeHGA | ||
| 005 | 20250905135010.0 | ||
| 008 | 250430s1945 nyu|||||||||||||||1|arm|d | ||
| 040 | _aAM-YeHGA | ||
| 041 | 0 | _aarm | |
| 100 | 1 |
_aՏատրյան, Վահրամ, _d1900-1948 _93980 |
|
| 245 | 1 | 0 |
_aՍեւ հոգին : _b(Եզրափակում) / _cՎ. Տատրեան. |
| 260 |
_aՆիւ Եորք : _bտպ. Կոչնակ, _c1945. |
||
| 300 | _a(2 գիրք 1 կազմում) ; 241 էջ | ||
| 490 |
_aՄատենաշար _vթիւ 2-Ա |
||
| 501 | _aԿազմակից է՝ Սև հոգին (Եզրափակում) / Վ. Տատրեան - Նիւ Եորք ; Կոչնակ տպարան ; 1945 | ||
| 650 | 1 | 4 |
_aՀայ գրականություն _xՎեպ |
| 740 | 0 | 2 | _aԳերեզմաններու մէջէն : (Փրցուած էջեր օրագրէս, Բ. շարք) |
| 942 |
_2udc _cBK |
||
| 999 |
_c534577 _d534577 |
||